|
|
|
|
| LEADER |
00000nam a22000007a 4500 |
| 005 |
20210219230641.0 |
| 007 |
cr|||| |||| |
| 008 |
210219s2011 us |||||s|||| 00||0 eng d |
| 020 |
|
|
|a 978-1-78052-252-4
|
| 035 |
|
|
|a 32011
|
| 040 |
|
|
|a vLex
|
| 090 |
|
|
|c 11195
|d 11195
|
| 100 |
1 |
|
|a Sarat, Austin
|
| 245 |
1 |
0 |
|a Special Issue Human Rights
|h [Recurso electrn̤ico] :
|b New Possibilities/New Problems
|c Austin Sarat
|n vol. 56
|
| 256 |
|
|
|a Servicio en ln̕ea
|
| 260 |
|
|
|a Bingley:
|b Emerald Group Publishing Limited,
|c 2011
|
| 300 |
|
|
|a 1 recurso electrn̤ico
|
| 506 |
1 |
|
|a Disponible solo en los productos indicados
|d vLex Global
|d vLex Global (Academic Edition, excluding Law Schools)
|d vLex Global (Academic Edition, Law Schools)
|
| 650 |
0 |
4 |
|a Ciencias sociales
|z Estados Unidos
|
| 740 |
0 |
|
|a vLex Libros (Servicio en ln̕ea)
|
| 856 |
4 |
0 |
|u http://vlex.com/source/32011
|z Acceso restringido
|
| 942 |
|
|
|c BOOK
|
| 999 |
0 |
|
|a Social Sciences
|